| 000 | 00000nam 2200000za 4500 |
| 001 | 9.837754 |
| 003 | CaOODSP |
| 005 | 20250909144912 |
| 007 | cr ||||||||||| |
| 008 | 170606s2017 onc o f000 0 fre d |
| 040 | |aCaOODSP|bfre |
| 043 | |an-cn--- |
| 086 | 1 |aRv55-5/17-2-1-2017-1F-PDF |
| 245 | 00|aCodage, présentation et traitement d’un formulaire B2, Douanes Canada – Demande de rajustement |h[ressource électronique]. |
| 250 | |a[Édition de 3 mai 2017]. |
| 260 | |aOttawa : |bAgence des services frontaliers du Canada, |c2017. |
| 300 | |a83 p. |
| 490 | 1 |aMémorandum, |x2369-2405 ; |vD17-2-1, le 3 mai 2017 |
| 500 | |aTitre de départ. |
| 500 | |a« Ceci annule le mémorandum D : D17-2-1 daté le 26 janvier 2017 » -- p. 83. |
| 500 | |aPubl. aussi en anglais sous le titre : The coding, submission and processing of Form B2, Canada Customs Adjustment Request. |
| 520 | |a« Le présent mémorandum a été mis à jour pour : (a) corriger les titres D-mémorandums révisées; (b) clarifier les instructions concernant l'autorité de transiger à titre de mandataire; et, (c) réviser l'adresse de la Direction des recours. Le présent mémorandum contient des instructions pour l’établissement, la présentation et le traitement du formulaire B2, Douanes Canada – Demande de rajustement, à l’intention des importateurs et des courtiers qui souhaitent faire rajuster des transactions commerciales » -- En résumé, p. [1]. |
| 692 | 07|2gccst|aImportation |
| 692 | 07|2gccst|aFormulaire |
| 692 | 07|2gccst|aDouanes |
| 710 | 2 |aAgence des services frontaliers du Canada. |
| 775 | 08|tThe coding, submission and processing of Form B2, Canada Customs Adjustment Request |w(CaOODSP)9.837753 |
| 794 | |tRajustement des déclarations en détail commerciales.|b[Édition de 21 octobre 2024]|w(CaOODSP)9.954999 |
| 795 | |tCodage, présentation et traitement d’un formulaire B2, Douanes Canada – Demande de rajustement |b[Édition de 26 janvier 2017]|w(CaOODSP)9.832176 |
| 830 | #0|aMémorandums D des douanes. D17, Procédures de déclarations en détails et des mainlevées,|x2369-2405 ; |vD17-2-1, le 3 mai 2017.|w(CaOODSP)9.816826 |
| 856 | 40|qPDF|s16.72 Mo|uhttps://publications.gc.ca/collections/collection_2017/asfc-cbsa/Rv55-5-17-2-1-2017-1-fra.pdf |